Statistics for Cities starting with X in China

Click here to take the quiz!

General Stats

  • This quiz has been taken 39 times
  • The average score is 3 of 7

Answer Stats

Answer% Correct
Xian
97%
Xuzhou
50%
Xiamen
44%
Xining
41%
Xinyang
22%
Xiangyang
19%
Xichang
6%

Score Distribution

Percentile by Number Answered

Percent of People with Each Score

Your Score History

You have not taken this quiz